000 00357nam a2200133Ia 4500
005 20251222144838.0
008 251222s9999||||xx |||||||||||||| ||spa||
020 _a84-7914-477-7
082 _a922.22/S38
100 _aSendín Blázquez, José
245 0 _aSantos de leyenda, leyenda de santos
264 _bBiblioteca de Autores Cristianos
942 _cLIB
999 _c21106
_d21106